| 000 | 01610cam a2200325 a 4500 | ||
|---|---|---|---|
| 999 |
_c17219 _d17219 |
||
| 008 | 060913s2007 vaua b 001 0 eng | ||
| 010 | _a 2006030286 | ||
| 020 | _a1416605177 (pbk. : alk. paper) | ||
| 020 | _a9781416605171 (pbk. : alk. paper) | ||
| 050 | 0 | 0 | _aLB1025.3 .D35 2007 |
| 100 | 1 | _aDanielson, Charlotte. | |
| 245 | 1 | 0 |
_aEnhancing professional practice : _ba framework for teaching / _cCharlotte Danielson. |
| 250 | _a2nd ed. | ||
| 260 |
_aAlexandria, Va. : _bAssociation for Supervision and Curriculum Development, _cc2007. |
||
| 300 |
_aviii, 200 p. : _bill. ; _c21 x 26 cm. |
||
| 504 | _aIncludes bibliographical references (p. 193-195) and index. | ||
| 650 | 0 | _aTeaching. | |
| 650 | 0 | _aClassroom environment. | |
| 650 | 0 | _aEducational planning. | |
| 942 |
_2lcc _cBOOKS _hLB1025.3 .D35 2007 |
||